| 000 | 00423nam a2200181Ia 4500 | ||
|---|---|---|---|
| 008 | 180207s9999 xx 000 0 und d | ||
| 020 | _a9789810746377 | ||
| 050 | _bB642 2012 | ||
| 100 | _aBland, Nick | ||
| 245 | 4 | _aThe very hungry bear / | |
| 245 | _cNick Bland. | ||
| 260 | _aNew York : | ||
| 260 | _bScholastic, | ||
| 260 | _c2012 | ||
| 300 | _aunpaged : | ||
| 300 | _bcolor illustration ; | ||
| 300 | _c25cm. | ||
| 999 |
_c355357 _d355357 |
||